000 00545nam a2200181 a 4500
001 10458
005 20180713194531.0
008 140415s1971 ag 000 0 spa d
041 _aspa
082 _a658
_bCHE
100 1 _aCHEDRAUX, IRENE
245 1 3 _aLA EMPRESA EN LA GRAN SOCIEDAD INDUSTRIAL :
_bCLISES Y ANTICLISES
250 _a1a ed.
260 _aARGENTINA :
_bPAIDOS,
_c1971, 1974
300 _a284
490 _aBIBLIOTECA DEL MUNDO MODERNO
_v76
650 1 4 _aADMINISTRACION DE EMPRESAS
_xADMINISTRACION INDUSTRIAL
999 _c10458
_d10458